[Event "Piestany Augustus Cup"]
[Site "Piestany"]
[Date "2022.07.15"]
[Round "7"]
[White "Gaudin, Samuel"]
[Black "Durik, Martin"]
[Result "1-0"]
[WhiteElo "1010"]
[BlackElo "1235"]
[PlyCount "95"]
[EventDate "2022.07.15"]
[EventType "swiss (rapid)"]
[EventRounds "7"]
[EventCountry "SVK"]
[SourceTitle "CBM 209 Extra"]
[Source "ChessBase"]
[SourceDate "2022.09.30"]
[SourceVersion "1"]
[SourceVersionDate "2022.09.30"]
[SourceQuality "1"]

1. d4 d5 2. c4 e6 3. Nc3 Nf6 4. Nf3 Be7 5. Bf4 c6 6. e3 Qa5 7. Qd2 Ne4 8. Nxe4 Bb4 9. Nd6+ Kf8 10. Bd3 Bxd2+ 11. Nxd2 Nd7 12. c5 e5 13. Bg3 e4 14. Be2 Nf6 15. a3 Qd8 16. 0-0 h5 17. h3 g5 18. Nf5 Bxf5 19. Bd6+ Kg7 20. Be5 Rh6 21. f3 Qh8 22. fxe4 Bxe4 23. Nxe4 dxe4 24. Rf5 Kf8 25. Bd6+ Kg7 26. Rxg5+ Kh7 27. Be5 Rg8 28. Rf5 Qg7 29. g3 Qg6 30. Raf1 Kg7 31. Bd1 Re8 32. Bxf6+ Qxf6 33. Rxf6 Rxf6 34. Bxh5 Rxf1+ 35. Kxf1 Re6 36. Bg4 Rg6 37. Kg2 b6 38. Bf5 Rf6 39. Bxe4 bxc5 40. dxc5 Re6 41. Kf3 a5 42. b4 axb4 43. axb4 Kf6 44. Kf4 Ke7 45. g4 Rh6 46. Kg5 Rxh3 47. Kf4 f6 48. Bxc6 1-0